000 00631nam a2200217Ii 4500
001 9678
003 CO-ViMGA
008 241108s9999||||xx |||||||||||||| ||und||
020 _a9802576117
040 _aCO-ViMGA
_bspa
_erda
_cCO-ViMGA
041 0 _aspa
084 _aC RIV2
100 1 _aRafael Rivero Oramas
_951454
245 1 0 _aEl hojarasquerito del monte :
_bun cuento del Tío Nicolás
264 1 _aCaracas, Venezuela : Arte, 1985
300 _avolumen
336 _atext
_btxt
_2rdacontent
337 _aunmediated
_bn
_2rdamedia
338 _avolume
_bnc
_2rdacarrier
940 _aidficha_siabuc: 9464. -- ficha_no_siabuc:9678
999 _c46181
_d46181